[Event "Harkany Tenkes Cup 42nd"]
[Site "Harkany"]
[Date "2018.11.25"]
[Round "4"]
[White "Karacsonyi, Laszlo"]
[Black "Molnar, Gabor2"]
[Result "0-1"]
[WhiteElo "1702"]
[BlackElo "1931"]
[PlyCount "144"]
[EventDate "2018.11.23"]
[EventType "swiss"]
[EventRounds "9"]
[EventCountry "HUN"]
[SourceTitle "CBM 187 Extra"]
[Source "ChessBase"]
[SourceDate "2018.11.04"]
[SourceVersion "1"]
[SourceVersionDate "2018.11.04"]
[SourceQuality "1"]

1. b3 b6 2. Bb2 Bb7 3. d3 d6 4. Nd2 Nd7 5. e4 e5 6. Ngf3 Ngf6 7. c4 a5 8. a3 g6 9. Be2 Bg7 10. Qc2 Qe7 11. Rc1 Nc5 12. b4 axb4 13. axb4 Ne6 14. g3 0-0 15. 0-0 h5 16. Nh4 Bh6 17. Ra1 Qd7 18. Ndf3 Kh7 19. Rxa8 Rxa8 20. Ra1 Rxa1+ 21. Bxa1 Kg8 22. Bf1 Qc6 23. Qb3 Bc8 24. Bc3 Qa8 25. Bg2 Bb7 26. Ne1 Nd7 27. Nc2 Bg5 28. Nf3 Bc1 29. Nd2 f5 30. f3 f4 31. Bh3 Ng5 32. Bg2 c5 33. b5 Ne6 34. Bh3 Ndf8 35. Qb1 Bxd2 36. Bxd2 g5 37. Bf5 Qa4 38. Kf2 Kf7 39. Bh3 Bc8 40. Bf1 Ng6 41. Be2 Kf6 42. Bd1 Qa7 43. Be2 Ke7 44. Qc1 Qa2 45. Bd1 Qa7 46. Be2 Kd8 47. Kg1 Kc7 48. Qb2 Kb8 49. Bf1 Qf7 50. Ne1 g4 51. Bg2 Nd4 52. Kf2 gxf3 53. Bf1 fxg3+ 54. hxg3 h4 55. Be3 Qf6 56. Bxd4 hxg3+ 57. Kxg3 Qh4+ 58. Kxf3 exd4 59. Qg2 Qxe1 60. Qf2 Ne5+ 61. Kg3 Qxf2+ 62. Kxf2 Bg4 63. Ke1 Kc7 64. Kd2 Kd7 65. Ke1 Ke7 66. Kf2 Kf6 67. Kg3 Kg5 68. Kf2 Kf4 69. Ke1 Kg3 70. Be2 Bxe2 71. Kxe2 Kg2 72. Ke1 Nxd3+ 0-1

[Event "HUN-chT2 Asztalos 1718"]
[Site "Hungary"]
[Date "2018.03.25"]
[Round "8.8"]
[White "Karacsonyi, Laszlo"]
[Black "Nador, Zoltan"]
[Result "1/2-1/2"]
[WhiteElo "1714"]
[BlackElo "1793"]
[PlyCount "79"]
[EventDate "2017.10.29"]
[EventType "team-tourn"]
[EventRounds "9"]
[EventCountry "HUN"]
[SourceTitle "EXT 2021"]
[Source "ChessBase"]
[SourceDate "2020.10.23"]
[SourceVersion "1"]
[SourceVersionDate "2020.10.23"]
[SourceQuality "1"]
[WhiteTeam "Szentlorinc"]
[BlackTeam "Marcali"]
[WhiteTeamCountry "HUN"]
[BlackTeamCountry "HUN"]

1. c4 c5 2. Nf3 Nc6 3. b3 Nf6 4. Bb2 g6 5. d3 Bg7 6. g3 d6 7. Bg2 Bg4 8. 0-0 Qd7 9. Nc3 Bh3 10. Nd5 Bxg2 11. Nxf6+ exf6 12. Kxg2 0-0 13. Qc2 b6 14. h3 Rae8 15. Rfe1 d5 16. cxd5 Qxd5 17. Kh2 Re6 18. Bc3 Rfe8 19. Qb2 Ne5 20. Nh4 Nc6 21. Ng2 Qd6 22. Nf4 R6e7 23. Rad1 Nd4 24. Bxd4 cxd4 25. Ng2 f5 26. h4 Bf6 27. Qd2 Rc8 28. Rc1 Rec7 29. Rxc7 Qxc7 30. Rd1 Qc2 31. f4 Be7 32. Ne1 Qc7 33. Nf3 Bf6 34. Kg2 Kg7 35. Kf2 Qc5 36. Rb1 a5 37. Ke1 Qc7 38. Kd1 Qd6 39. b4 a4 40. a3 1/2-1/2

[Event "HUN-chT2 Asztalos 1718"]
[Site "Hungary"]
[Date "2018.03.04"]
[Round "7.9"]
[White "Karacsonyi, Laszlo"]
[Black "Grunwald, Geza"]
[Result "0-1"]
[WhiteElo "1719"]
[BlackElo "1798"]
[PlyCount "60"]
[EventDate "2017.10.29"]
[EventType "team-tourn"]
[EventRounds "9"]
[EventCountry "HUN"]
[SourceTitle "EXT 2021"]
[Source "ChessBase"]
[SourceDate "2020.10.23"]
[SourceVersion "1"]
[SourceVersionDate "2020.10.23"]
[SourceQuality "1"]
[WhiteTeam "Szentlorinc"]
[BlackTeam "Komlo Banyasz II"]
[WhiteTeamCountry "HUN"]
[BlackTeamCountry "HUN"]

1. d4 e6 2. c4 d5 3. cxd5 exd5 4. Nc3 Nf6 5. Bg5 c6 6. e3 Bf5 7. Bd3 Bxd3 8. Qxd3 Be7 9. Bxf6 Bxf6 10. Nge2 0-0 11. 0-0 Re8 12. a3 Nd7 13. b4 a6 14. Rac1 Be7 15. Na4 b5 16. Nc5 Nb6 17. Nb7 Qd7 18. Na5 Nc4 19. Nxc4 bxc4 20. Qd2 Reb8 21. Rb1 Rb6 22. Nc3 a5 23. Na4 Rb5 24. Nc5 Qf5 25. Rb2 Rab8 26. Rfb1 Bxc5 27. dxc5 Qe5 28. Qd4 Qxd4 29. exd4 c3 30. Rb3 c2 0-1